| 000 | 00599nam a22001937a 4500 | ||
|---|---|---|---|
| 003 | OSt | ||
| 005 | 20240528093516.0 | ||
| 008 | 240528b |||||||| |||| 00| 0 eng d | ||
| 020 | _a9780131355057 | ||
| 040 | _cChuka University Library | ||
| 050 |
_aTK 6553 _b.L83 2009 |
||
| 100 |
_aLudwig, Reinhold and Gene Bogdanov _914803 |
||
| 245 | _aRF circuit design: Theory and applications | ||
| 260 |
_aUpper Saddle River _bPearson Education _c2009 |
||
| 300 |
_a704p _bIllustrated |
||
| 650 |
_aRadio circuits _xDesign and construction _914804 |
||
| 650 |
_aRadio frequency _914805 |
||
| 942 |
_2lcc _cBK _n0 |
||
| 999 |
_c16524 _d16524 |
||